| 000 | 00468cam a2200181ua 4500 | ||
|---|---|---|---|
| 020 | _a0-444-42563-2 | ||
| 041 |
_aeng _h |
||
| 082 |
_a628.167 _bKHA/DE |
||
| 100 | _aKhan, Arshad Hassan . | ||
| 245 |
_aDesalination and water purification, Vol 1 / _cArshad Hassan Khan. _hTextual Documents |
||
| 260 |
_aAmsterdam : _bElsevier , _c1986. |
||
| 300 | _a596 ; . | ||
| 362 | 0 | _aVol 1- | |
| 500 | _a** Reference | ||
| 504 | _a | ||
| 942 | _cBK | ||
| 999 |
_c10084 _d10084 |
||